रणांगण (Record no. 433687)

MARC details
000 -LEADER
fixed length control field 00408nam a2200145Ia 4500
008 - FIXED-LENGTH DATA ELEMENTS--GENERAL INFORMATION
fixed length control field 100122s9999 xx 000 0 und d
082 ## - DEWEY DECIMAL CLASSIFICATION NUMBER
Item number 57498
Classification number 822
100 ## - MAIN ENTRY--PERSONAL NAME
Personal name पाटील विश्वास
245 ## - TITLE STATEMENT
Title रणांगण
260 ## - PUBLICATION, DISTRIBUTION, ETC. (IMPRINT)
Name of publisher, distributor, etc मॅजेस्टिक प्रकाशन
Date of publication, distribution, etc 1999
300 ## - PHYSICAL DESCRIPTION
Extent 91
630 ## - SUBJECT ADDED ENTRY--UNIFORM TITLE
Uniform title रणांगण
730 ## - ADDED ENTRY--UNIFORM TITLE
Uniform title रणांगण
942 ## - ADDED ENTRY ELEMENTS (KOHA)
Koha item type Book
Holdings
Withdrawn status Lost status Damaged status Not for loan Home library Current library Date acquired Cost, normal purchase price Total Checkouts Full call number Barcode Date last seen Cost, replacement price Price effective from Koha item type Public note
        S.V. Pathak Library, Vile Parle S.V. Pathak Library, Vile Parle 03/05/2000 70.00   57498 SVPPARLE-57498 01/25/2010 70.00 01/25/2010 Book General NA